| 000 | 00703nam a22001577a 4500 | ||
|---|---|---|---|
| 003 | OSt | ||
| 005 | 20150928184752.0 | ||
| 008 | 150928b xxu||||| |||| 00| 0 eng d | ||
| 040 | _cRUA | ||
| 082 | _aATM.Sp OUK 2003 B059 Or.1 | ||
| 100 |
_91534 _aOUK, SOTHEARITH. |
||
| 245 | _aYield long bean breeder seed production methodology TV02074 variety at kbal koh vegetable research station, វិធីសាស្រ្ដផលិតពូជជំរើសវិទូនៃសណ្ដែកទ្រើងTV02074 នៅស្សានីយ៍ពិសោធន៍ពូជបន្លែក្បាលកោះ | ||
| 260 |
_aPhnom Penh _bRUA _c2003 |
||
| 300 |
_a52p. _bill. _c29cm. |
||
| 942 |
_2ddc _cATMSP |
||
| 999 |
_c1442 _d1442 |
||